| 000 | 01032nam a2200313Ia 4500 | ||
|---|---|---|---|
| 003 | GCL | ||
| 008 | 140319s9999 xx 000 0 ara d | ||
| 040 |
_aGCL / _cGCL |
||
| 082 | 0 | 4 |
_aق _b928.1 _bم ق |
| 100 | 1 | _aمحمد جبريل | |
| 245 | 1 | 0 |
_aقراءة فى شخصيات مصرية / _cمحمد جبريل |
| 260 |
_aالقاهرة : _bالهيئة العامة لقصور الثقافة ، _c1995 |
||
| 300 |
_a326 ص ؛ _c20 سم |
||
| 490 |
_aكتاب الثقافة الجديدة _v27 |
||
| 650 | 0 | 4 | _aتوفيق الحكيم |
| 650 | 0 | 4 | _aيوسف ادريس |
| 650 | 0 | 4 | _aزكى نجيب محمود |
| 650 | 0 | 4 | _aيحيى حقى |
| 650 | 0 | 4 | _aيوسف الشارونى |
| 650 | 0 | 4 | _aالادباء العرب - مصر |
| 650 | 0 | 4 | _aجمال حمدان |
| 650 | 0 | 4 | _aاحمد بهاءالدين |
| 650 | 0 | 4 | _aمصطفى ممتاز |
| 650 | 0 | 4 | _aاحمد زكى مخلوف |
| 650 | 0 | 4 | _aيعقوب صنوع |
| 650 | 0 | 4 | _aعبدالمحسن صالح |
| 650 | 0 | 4 | _aسيد عويس |
| 942 |
_2ddc _cBK |
||
| 999 |
_c9544 _d9544 |
||